Fundamentals of epidemiology and biostatistics : combining the basics /
Сохранить в:
| Главный автор: | |
|---|---|
| Формат: | |
| Язык: | English |
| Опубликовано: |
Burlington, MA :
Jones & Bartlett Learning,
c2013.
|
| Предметы: | |
| Online-ссылка: | Visit NHRC Library |
| Метки: |
Добавить метку
Нет меток, Требуется 1-ая метка записи!
|
| LEADER | 01482cam a2200325 a 4500 | ||
|---|---|---|---|
| 001 | 001825 | ||
| 005 | 20220906184642.0 | ||
| 008 | 111118s2013 maua b 001 0 eng | ||
| 952 | |0 0 |1 0 |2 NLM |4 0 |6 WA_950_000000000000000_MER_2013 |7 0 |9 2157 |a NHRC |b NHRC |c CART |d 2015-01-29 |l 0 |o WA 950/MER/2013 |p 001825 |r 2015-01-29 |w 2015-01-29 |y BK | ||
| 999 | |c 2081 |d 2081 | ||
| 010 | |a 2011047992 | ||
| 020 | |a 9781449647728 (pbk.) | ||
| 020 | |a 9781449667535 | ||
| 035 | |a (DNLM)101573232 | ||
| 040 | |a DNLM/DLC |c DLC |d DLC | ||
| 042 | |a pcc | ||
| 050 | 0 | 0 | |a RA654 |b .M47 2013 |
| 060 | |a WA 950 | ||
| 082 | 0 | 0 | |a 614.4 |2 23 |
| 100 | 1 | |a Merrill, Ray M. |9 2709 | |
| 245 | 1 | 0 | |a Fundamentals of epidemiology and biostatistics : |b combining the basics / |c Ray M. Merrill. |
| 260 | |a Burlington, MA : |b Jones & Bartlett Learning, |c c2013. | ||
| 300 | |a xv, 421 p. : |b ill., maps ; |c 23 cm. | ||
| 500 | |a Book | ||
| 504 | |a Includes bibliographical references and index. | ||
| 505 | 0 | |a Data and descriptive measures -- Standardizing rates -- Describing data with graphs -- Life tables -- Probability -- Random variables and probability distributions -- Estimation and hypothesis testing -- Sample size -- Study designs -- Statistical measures of association among variables -- Experimental studies -- Survival analysis -- Cause and effect. | |
| 650 | 1 | 2 | |a Epidemiologic Methods. |9 640 |
| 856 | |u http://nhrc.gov.np/contact/ |y Visit NHRC Library | ||
| 942 | |2 NLM |c BK | ||
| 955 | |a xe08 2012-07-24 1 copy rec'd to CIP ver. | ||